LEADER 01188nam a2200289 u 4500 001 000000041050 003 CaOOAMICUS 005 20070226114154.0 008 980922s1991 it u000 u ita u 020 $a887104309X 035 $a10803934 040 $aMSA$bita 041 1 $aita$hger 100 1 $aKelsen, Hans,$d1881-1973.$0(OLS)http://pul/name/933 245 10$aSociologia della democrazia /$cHans Kelsen ; a cura di Agostino Carrino. 260 $aNapoli :$bEdizioni scientifiche italiane,$c1991. 300 $a121 p.; ;$c23 cm 490 1 $aSocietą e cultura ;$v1 650 4$aSociologia del diritto.$0(OLS)http://pul/subject/7213 700 1 $aCarrino, Agostino.$0(OLS)http://pul/name/934 830 0$aSocietą e cultura ;$v1.$0(OLS)http://pul/title/55381 850 $aPUL 852 $aPUL$W1$xSL Diritto e Scienze Sociali 3$y79$m321. 8 KELHA 2$j131859$qDDC 21$B123538$CPULBib$Z2$F123538 $H97676 $82 941 1 $a9 996 $6020$a887104309X$9(OLS)http://pul/number/51063 996 $6245$aSociologia della democrazia$9(OLS)http://pul/title/55380 996 $6260$aNapoli :$bEdizioni scientifiche italiane$9(OLS)http://pul/publisher/48388 LEADER 01333nam a2200325 a 4500 001 000000176107 003 CaOOAMICUS 005 20230908123718.0 006 a 000 u 008 230908s2019 it a u000 u ita r 020 $a978-88-430-9307-6* 032 $aLibriCat 040 $aPUL$bita 082 14$a576.82 245 00$aCharles Darwin : $bantologia di testi / $ca cura di Pietro Corsi. 260 $aRoma :$bCarocci,$c©2019. 300 $a339 p.;$c$a22 cm 490 1 $aStudi superiori. Storia della scienza ;$v1150 504 $aContiene riferimenti bibliografici. 600 14$aDarwin, Charles,$d1809-1882.$0(OLS)http://pul/subject/23853 700 1 $aCorsi, Pietro.$0(OLS)http://pul/name/61883 830 0$aStudi superiori (Carocci).$bStoria della scienza ;$v1150.$0(OLS)http://pul/title/217554 850 $aPUL 852 $aPUL$W1$xSL Cons. Gen., Altre Classi 3$y75$m576. 82 DARCH 1$j200269$qDDC 21$B205052$CPULBib$Z2$F205052 $H136403 $82 941 1 $a9 996 $6020$a978-88-430-9307-6*$9(OLS)http://pul/number/169301 996 $6082$a576.82$9(OLS)http://pul/classification/3000 996 $6245$aCharles Darwin : $bantologia di testi / $9(OLS)http://pul/title/217614 996 $6260$aRoma :$bCarocci$9(OLS)http://pul/publisher/66917